[Event "POLFINAL MISTRZOSTW POLSKI JUNIOROW 2016 - D11"]
[Site "Centrum Kongresow i Rekreacji Orle Gniazdo ul. Wrzosowa 28a, Szczyrk"]
[Date "1899-12-30"]
[Round "7.4"]
[White "Gaczol, Julia"]
[Black "Kulpa, Karolina"]
[Result "1/2-1/2"]
[WhiteTitle "II"]
[BlackTitle "II+"]
[WhiteElo "1037"]
[BlackElo "1148"]

1. e4 c6 2. d4 d5 3. e5 c5 4. c3 Nc6 5. f4 Bf5 6. Nf3 e6 7. h3 h5 8. Bd3 Nge7 9.
dxc5 Bxd3 10. Qxd3 Nf5 11. Nd4 Qh4+ 12. Kd1 Ng3 13. Rg1 Bxc5 14. Be3 Bxd4 15.
cxd4 Ne4 16. Rf1 Qg3 17. Qe2 Qg6 18. Rg1 Qg3 19. Qf3 Kd7 20. Qxg3 Nxg3 21. Nc3
Nf5 22. Kd2 Nfxd4 23. Bxd4 Nxd4 24. Kd3 Nc6 25. a3 a6 26. Na4 Kc7 27. h4 Rac8
28. Rac1 Kd7 29. Nb6+ Ke7 30. Nxc8+ Rxc8 31. b4 b5 32. Rc2 Kd7 33. Rgc1 Rc7 34.
Rc5 Rc8 35. Ke3 Na7 36. Rxc8 Nxc8 37. Kf3 Ne7 38. g4 hxg4+ 39. Kxg4 Nf5 40. Kg5
d4 41. Rc2 Ne3 42. Rd2 Nf5 43. h5 Ke7 44. Kg4 Ne3+ 45. Kf3 Nf5 46. Kf2 Kd7 47.
Rc2 Ne3 48. Rd2 Nf5 49. Ra2 Kc6 50. a4 bxa4 51. Rxa4 Kb5 52. Ra5+ Kxb4 53. Rxa6
Kc3 54. Ra3+ Kc2 55. Ra2+ Kc3 56. Ra3+ 1/2-1/2

[Event "POLFINAL MISTRZOSTW POLSKI JUNIOROW 2016 - D11"]
[Site "Centrum Kongresow i Rekreacji Orle Gniazdo ul. Wrzosowa 28a, Szczyrk"]
[Date "1899-12-30"]
[Round "7.5"]
[White "Grzyb, Anna"]
[Black "Czerwinska, Oliwia"]
[Result "1-0"]
[WhiteTitle "II"]
[BlackTitle "II+"]
[WhiteElo "1053"]
[BlackElo "1067"]

1. d4 d5 2. c4 e6 3. Nc3 Nf6 4. Bg5 Nbd7 5. Nf3 c6 6. e3 Qa5 7. cxd5 exd5 8. Nd2
Be7 9. Bd3 O-O 10. O-O Re8 11. Qc2 h6 12. Bh4 Nf8 13. Nf3 Qd8 14. Rac1 Be6 15.
Qb3 Ne4 16. Bxe7 Qxe7 17. Qc2 Nf6 18. Na4 N6d7 19. Nc5 Nxc5 20. Qxc5 Qxc5 21.
Rxc5 Nd7 22. Rc3 Bg4 23. Nd2 Bh5 24. Rfc1 Re6 25. Nb3 Bg6 26. Be2 Ree8 27. Na5
Rab8 28. b4 a6 29. a4 Nb6 30. Ra3 Rec8 31. Nb3 Nd7 32. h3 Kf8 33. b5 cxb5 34.
Rxc8+ Rxc8 35. axb5 Rc3 36. Bd1 Rd3 37. Ra1 axb5 38. Na5 b6 39. Nc6 Rc3 40. Ra8+
Nb8 41. Rxb8# 1-0

[Event "POLFINAL MISTRZOSTW POLSKI JUNIOROW 2016 - D11"]
[Site "Centrum Kongresow i Rekreacji Orle Gniazdo ul. Wrzosowa 28a, Szczyrk"]
[Date "1899-12-30"]
[Round "7.6"]
[White "Wichura, Sara"]
[Black "Laszczuk, Zofia"]
[Result "1-0"]
[WhiteTitle "II"]
[BlackTitle "II"]
[WhiteElo "1113"]
[BlackElo "1165"]

1. e4 e5 2. Nf3 Nc6 3. Bc4 Bc5 4. d3 d6 5. Bg5 Nf6 6. h3 h6 7. Bh4 g5 8. Bg3 Bd7
9. Nc3 Qe7 10. Qd2 Nh5 11. Nd5 Qd8 12. b4 Bb6 13. a4 a6 14. a5 Ba7 15. c3 Nf6
16. Rb1 Be6 17. Bh2 Bxd5 18. Bxd5 Nxd5 19. exd5 Ne7 20. c4 f5 21. Qc3 Qd7 22.
Nd2 Ng6 23. f3 Nf4 24. Bxf4 Bd4 25. Qc2 exf4 26. Nb3 Qe7+ 27. Kd1 Qf6 28. Re1+
Kf7 29. Re6 Qg7 30. Nxd4 Qxd4 31. Kd2 Rae8 32. Rxe8 Rxe8 33. Qb2 Qe3+ 34. Kc3
Qe5+ 35. Kb3 Qe3 36. Kc3 Qe5+ 37. Kb3 Qe3 38. Qc2 Qd4 39. Rd1 h5 40. Qb2 Qxb2+
41. Kxb2 Re2+ 42. Kc3 Rxg2 43. Re1 Rg3 44. c5 Rxf3 45. c6 b5 46. axb6 Re3 47.
Rxe3 fxe3 48. b7 e2 49. Kd2 f4 50. b8=Q 1-0

[Event "POLFINAL MISTRZOSTW POLSKI JUNIOROW 2016 - D11"]
[Site "Centrum Kongresow i Rekreacji Orle Gniazdo ul. Wrzosowa 28a, Szczyrk"]
[Date "1899-12-30"]
[Round "7.7"]
[White "Cieslak, Emilia"]
[Black "Scisla, Oliwia"]
[Result "1-0"]
[WhiteTitle "II"]
[BlackTitle "I"]
[WhiteElo "1008"]
[BlackElo "1066"]

1. e4 c5 2. Nf3 Nc6 3. d4 cxd4 4. Nxd4 g6 5. c4 Bg7 6. Be3 Nf6 7. Nc3 O-O 8. Be2
d6 9. O-O Bd7 10. Qd2 Re8 11. b3 Qa5 12. Rfc1 Nxd4 13. Bxd4 Bc6 14. f3 e6 15.
a3 d5 16. b4 Qc7 17. exd5 exd5 18. cxd5 Nxd5 19. Nxd5 Qd6 20. Bxg7 Qxd5 21. Qxd5
Bxd5 22. Bb5 Rec8 23. Rxc8+ Rxc8 24. Bd4 a6 25. Bd3 Bb3 26. Rb1 Ba4 27. Be4 Bc6
28. Bxc6 Rxc6 29. Re1 f5 30. Re7 Rd6 31. Rg7+ Kf8 32. Bc5 Kxg7 33. Bxd6 Kf6 34.
Kf2 Ke6 35. Bc5 Kd5 36. Ke3 Kc4 37. a4 g5 38. h3 Kd5 39. Be7 b6 40. Bxg5 a5 41.
bxa5 bxa5 42. Bd8 Kc5 43. Bxa5 Kc4 44. g4 fxg4 45. fxg4 h6 46. Bd8 Kb4 47. a5
Kb5 48. h4 Ka6 49. g5 hxg5 50. hxg5 Kb7 51. g6 Ka8 52. g7 Ka7 53. g8=Q Kb8 54.
Qf7 Ka8 55. Qd7 Kb8 56. Kd4 Ka8 57. Kc5 Kb8 58. Kb6 Ka8 59. Qb7# 1-0

[Event "POLFINAL MISTRZOSTW POLSKI JUNIOROW 2016 - D11"]
[Site "Centrum Kongresow i Rekreacji Orle Gniazdo ul. Wrzosowa 28a, Szczyrk"]
[Date "1899-12-30"]
[Round "8.1"]
[White "Obrochta, Lena"]
[Black "Bukala, Weronika"]
[Result "1-0"]
[WhiteTitle "II+"]
[BlackTitle "II+"]
[WhiteElo "1149"]
[BlackElo "1026"]

1. e4 Nf6 2. Nc3 d5 3. exd5 Nxd5 4. Bc4 Nxc3 5. bxc3 e6 6. d3 Qf6 7. Bd2 Bc5 8.
Nf3 Nc6 9. O-O O-O 10. d4 Bd6 11. Bd3 e5 12. Re1 Bg4 13. d5 Bxf3 14. Qxf3 Qxf3
15. gxf3 Ne7 16. c4 Ng6 17. Bxg6 fxg6 18. Kg2 Rf5 19. Rab1 Raf8 20. Rxb7 Rxf3
21. Be3 Be7 22. Rxc7 Bh4 23. Re2 e4 24. d6 a5 25. c5 R8f5 26. c4 Rh5 27. c6 Bf6
28. Rc8+ Kf7 29. d7 Rfh3 30. Bf4 Rd3 31. Rd2 Rf3 32. c7 Rxf4 33. d8=Q Rg5+ 34.
Kf1 Bxd8 35. cxd8=Q e3 36. Rc7+ Ke6 37. Rc6+ Kf5 38. Qd7+ Ke4 39. Rd4+ Kf3 40.
Qh3+ 1-0

[Event "POLFINAL MISTRZOSTW POLSKI JUNIOROW 2016 - D11"]
[Site "Centrum Kongresow i Rekreacji Orle Gniazdo ul. Wrzosowa 28a, Szczyrk"]
[Date "1899-12-30"]
[Round "8.2"]
[White "Grzyb, Anna"]
[Black "Reszka, Zofia"]
[Result "1/2-1/2"]
[WhiteTitle "II"]
[BlackTitle "I"]
[WhiteElo "1053"]
[BlackElo "1120"]

1. d4 d5 2. c4 e6 3. Nc3 Nf6 4. Bg5 Nbd7 5. Nf3 Be7 6. e3 b6 7. cxd5 Nxd5 8. Nxd5
exd5 9. Bxe7 Qxe7 10. Bd3 O-O 11. O-O Bb7 12. Qc2 Nf6 13. Rac1 c6 14. Ne5 Rac8
15. Qa4 Qc7 16. Bf5 b5 17. Qc2 Rce8 18. Nxc6 Bc8 19. Qd3 a6 20. Ne5 Qa5 21. Bxc8
Rxc8 22. Nc6 Qc7 23. h3 Rfe8 24. Rc2 Qd6 25. Rfc1 Rc7 26. Ne5 Rec8 27. Kf1 h6
28. Ke2 Nd7 29. Nxd7 Qxd7 30. f4 Rxc2+ 31. Rxc2 Rxc2+ 32. Qxc2 Kf8 33. Qc5+ Ke8
34. Qb6 Qc8 35. Qc5 Qe6 36. Qc2 Qe4 37. Qxe4+ dxe4 38. Kd2 Kd7 39. Kc3 a5 40.
b3 Kd6 41. a4 Kc6 42. g3 h5 43. g4 g6 44. f5 hxg4 45. hxg4 gxf5 46. gxf5 f6 47.
axb5+ Kxb5 48. Kc2 Kc6 49. Kb2 Kb6 50. Ka2 Kc6 51. Kb2 Kb6 52. Ka1 Kb5 53. Ka2
Kc6 54. Ka3 Kb5 55. b4 axb4+ 56. Kb3 Ka5 57. d5 Kb5 58. d6 Kc6 59. Kxb4 Kxd6 60.
Kc4 Ke5 61. Kc5 Kxf5 62. Kd5 Kg6 63. Kxe4 Kf7 1/2-1/2

[Event "POLFINAL MISTRZOSTW POLSKI JUNIOROW 2016 - D11"]
[Site "Centrum Kongresow i Rekreacji Orle Gniazdo ul. Wrzosowa 28a, Szczyrk"]
[Date "1899-12-30"]
[Round "8.3"]
[White "Wichura, Sara"]
[Black "Szewc, Dobromila"]
[Result "0-1"]
[WhiteTitle "II"]
[BlackTitle "II"]
[WhiteElo "1113"]
[BlackElo "1116"]

1. e4 e5 2. Nf3 Nc6 3. Bc4 Nf6 4. Nc3 Nxe4 5. Nxe4 d5 6. Bxd5 Qxd5 7. Nc3 Qd8 8.
d3 b6 9. Qe2 f6 10. Qe4 Bb7 11. Qa4 Bb4 12. Bd2 Qd7 13. a3 Bxc3 14. Bxc3 O-O 15.
O-O Qf5 16. Nh4 Qh5 17. g3 g5 18. Ng2 Nd4 19. f3 Ne2+ 20. Kf2 Qxf3+ 21. Ke1 Qxg2
22. Kd2 Nxg3+ 23. Ke3 Qe2# 0-1

[Event "POLFINAL MISTRZOSTW POLSKI JUNIOROW 2016 - D11"]
[Site "Centrum Kongresow i Rekreacji Orle Gniazdo ul. Wrzosowa 28a, Szczyrk"]
[Date "1899-12-30"]
[Round "8.4"]
[White "Kulpa, Karolina"]
[Black "Karys, Katarzyna"]
[Result "1/2-1/2"]
[WhiteTitle "II+"]
[BlackTitle "II"]
[WhiteElo "1148"]
[BlackElo "1099"]

1. d4 Nf6 2. c4 e5 3. dxe5 Ng4 4. Bf4 Nc6 5. Nf3 Bb4+ 6. Nbd2 Qe7 7. e3 Ngxe5 8.
Nxe5 Nxe5 9. Be2 O-O 10. O-O d6 11. Nf3 Bf5 12. a3 Bc5 13. Qd5 c6 14. Qd2 Rfe8
15. Rfd1 Rad8 16. Qc3 Qf6 17. Nxe5 dxe5 18. Rxd8 Rxd8 19. Bxe5 Qg6 20. Rd1 Rxd1+
21. Bxd1 f6 22. Bg3 Bg4 23. Bc2 Bf5 24. Bxf5 Qxf5 25. h3 h6 26. Qd2 Qe4 27. Qc1
a6 28. b4 Bb6 29. c5 Bd8 30. f3 Qe6 31. Qd2 Be7 32. e4 f5 33. Bd6 fxe4 34. Bxe7
Qxe7 35. Qe3 Qe5 36. fxe4 Qa1+ 37. Kf2 Qf6+ 38. Qf3 Qd4+ 39. Kg3 Qe5+ 40. Kf2
Qd4+ 41. Qe3 Qf6+ 42. Ke2 Qb2+ 43. Kf1 Qa1+ 44. Kf2 Qf6+ 45. Kg3 Qe5+ 1/2-1/2

[Event "POLFINAL MISTRZOSTW POLSKI JUNIOROW 2016 - D11"]
[Site "Centrum Kongresow i Rekreacji Orle Gniazdo ul. Wrzosowa 28a, Szczyrk"]
[Date "1899-12-30"]
[Round "8.5"]
[White "Cieslak, Emilia"]
[Black "Kieca, Aleksandra"]
[Result "0-1"]
[WhiteTitle "II"]
[BlackTitle "II+"]
[WhiteElo "1008"]
[BlackElo "1216"]

1. e4 c5 2. Nf3 d6 3. Bb5+ Bd7 4. Bxd7+ Qxd7 5. c4 Nf6 6. Nc3 Nc6 7. d4 cxd4 8.
Nxd4 Rc8 9. b3 e6 10. Be3 Be7 11. f3 O-O 12. O-O Rfd8 13. Rc1 d5 14. Nxc6 bxc6
15. Bg5 Qb7 16. Qc2 d4 17. Na4 c5 18. Rfd1 e5 19. Rd3 Nh5 20. Bxe7 Qxe7 21. Re1
Nf4 22. Rd2 Qf6 23. a3 Qc6 24. g3 Ng6 25. h4 h5 26. Kg2 Rb8 27. Rb1 Rdc8 28. Qd1
Qe6 29. Rc2 a5 30. Qd2 Ra8 31. Qg5 Qd6 32. Qxh5 Nf8 33. Rf2 Ne6 34. Kh1 Rab8 35.
Rg2 Rb7 36. Qg4 Rcb8 37. Rgb2 d3 38. Nc3 Nd4 39. f4 Rxb3 40. Rxb3 Rxb3 41. Rxb3
Nxb3 42. Qd1 Nd4 43. Qxd3 exf4 44. gxf4 Qxf4 45. Qh3 Qc1+ 46. Kh2 Qxa3 47. h5
a4 48. Qg3 Qb2+ 49. Kh3 a3 50. h6 Ne6 51. Na4 Qb4 52. Nxc5 Qxc5 53. Qb3 gxh6 54.
Qg3+ Ng5+ 55. Kh4 a2 56. Qc3 Nxe4 57. Qc1 Qg5+ 58. Qxg5+ hxg5+ 59. Kg4 a1=Q 60.
c5 Qf1 61. c6 Qf4+ 62. Kh5 Qh4# 0-1

[Event "POLFINAL MISTRZOSTW POLSKI JUNIOROW 2016 - D11"]
[Site "Centrum Kongresow i Rekreacji Orle Gniazdo ul. Wrzosowa 28a, Szczyrk"]
[Date "1899-12-30"]
[Round "8.6"]
[White "Scisla, Oliwia"]
[Black "Gaczol, Julia"]
[Result "1/2-1/2"]
[WhiteTitle "I"]
[BlackTitle "II"]
[WhiteElo "1066"]
[BlackElo "1037"]

1. e4 c5 2. Nf3 d6 3. d3 Nf6 4. Bg5 g6 5. Bxf6 exf6 6. Be2 Bg7 7. Nbd2 O-O 8. O-O
Nc6 9. c3 f5 10. Nc4 b5 11. Ne3 fxe4 12. dxe4 c4 13. Qd5 Qb6 14. Qxd6 Rd8 15.
Qg3 Re8 16. Nd5 Qb8 17. Nc7 Be5 18. Nxe5 Qxc7 19. Nxc6 Qxc6 20. Bf3 Bb7 21. e5
Qc7 22. Bxb7 Qxb7 23. h4 h5 24. Qg5 Qe7 25. Qxe7 Rxe7 26. Rfe1 Rae8 27. f4 f6
28. a4 a6 29. axb5 axb5 30. Ra6 Re6 31. Rxe6 Rxe6 32. Kf2 fxe5 33. Rxe5 Rb6 34.
Kf3 Kf7 35. g4 hxg4+ 36. Kxg4 b4 37. Rc5 bxc3 38. bxc3 Rb1 39. Rxc4 Rg1+ 40. Kf3
Rh1 41. Kg3 Rg1+ 42. Kh2 Rc1 43. Rc7+ Kf6 44. c4 Kf5 45. c5 Kg4 46. Rg7 1/2-1/2

[Event "POLFINAL MISTRZOSTW POLSKI JUNIOROW 2016 - D11"]
[Site "Centrum Kongresow i Rekreacji Orle Gniazdo ul. Wrzosowa 28a, Szczyrk"]
[Date "1899-12-30"]
[Round "9.1"]
[White "Obrochta, Lena"]
[Black "Grzyb, Anna"]
[Result "0-1"]
[WhiteTitle "II+"]
[BlackTitle "II"]
[WhiteElo "1149"]
[BlackElo "1053"]

1. e4 c5 2. Nc3 Nc6 3. f4 e6 4. Bb5 d5 5. d3 d4 6. Nce2 Qa5+ 7. Bd2 Qxb5 8. Rb1
Qb6 9. Nf3 Nf6 10. O-O Be7 11. Qe1 O-O 12. Qg3 Re8 13. Nh4 Nd7 14. f5 Bxh4 15.
Qxh4 Nf6 16. Bg5 Nd7 17. f6 Nde5 18. fxg7 Ng6 19. Qf2 Nce5 20. Nf4 Qc7 21. Nh5
Ng4 22. Nf6+ Nxf6 23. Qxf6 Qd7 24. h4 Qe7 25. Qf2 Qd7 26. Qf6 Qe7 27. Qf2 Qd7
28. Qf6 e5 29. c3 Qe6 30. Qf3 Bd7 31. cxd4 cxd4 32. a3 Qb3 33. Rbc1 Rac8 34. Rxc8
Rxc8 35. h5 Nf4 36. Bxf4 exf4 37. Qxf4 Be6 38. Qd2 Rc2 39. Qg5 Rc8 40. Qd2 Qb5
41. h6 b6 42. Qe2 Qg5 43. Rf3 Qxh6 44. Rg3 Bb3 45. Rf3 Be6 46. Rg3 Qc1+ 47. Kh2
Qc2 48. Qh5 Rc5 49. Qh4 Rc8 50. Qg5 Qc5 51. Qh4 Qb5 52. Qh6 Qxb2 53. Rg5 Qc3 54.
Rh5 Qc7+ 55. Kh1 Qc1+ 56. Kh2 Qxh6 57. Rxh6 Kxg7 58. Rh5 Rc3 59. Rg5+ Kh6 60.
Rg8 Rxa3 61. g3 Rxd3 62. e5 a5 63. g4 a4 64. Ra8 a3 65. Kg1 Rd1+ 66. Kh2 a2 67.
Rxa2 Bxa2 68. Kg3 Kg5 69. Kh3 Rd3+ 70. Kh2 Kxg4 71. Kg1 Rd2 72. e6 Bxe6 73. Kf1
Kf3 74. Kg1 h5 75. Kh1 Kg3 76. Kg1 Rd1# 0-1

[Event "POLFINAL MISTRZOSTW POLSKI JUNIOROW 2016 - D11"]
[Site "Centrum Kongresow i Rekreacji Orle Gniazdo ul. Wrzosowa 28a, Szczyrk"]
[Date "1899-12-30"]
[Round "9.2"]
[White "Reszka, Zofia"]
[Black "Szewc, Dobromila"]
[Result "1/2-1/2"]
[WhiteTitle "I"]
[BlackTitle "II"]
[WhiteElo "1120"]
[BlackElo "1116"]

1. e4 e5 2. Nf3 Nc6 3. Bc4 Nf6 4. d3 Bc5 5. c3 a6 6. Nbd2 d6 7. O-O O-O 8. h3 Be6
9. Bxe6 fxe6 10. Re1 Ne7 11. Nf1 Ng6 12. Ng3 Nf4 13. Be3 Ba7 14. Bxa7 Rxa7 15.
Qd2 N6h5 16. Nxh5 Nxh5 17. Qg5 Qxg5 18. Nxg5 Nf4 19. Rad1 h6 20. Nf3 Raa8 21.
Kh2 Kh7 22. Rd2 Rf6 23. Re3 Raf8 24. a3 b5 25. Ng1 c5 26. Rf3 Ng6 27. Rxf6 Rxf6
28. Nf3 Rf7 29. d4 cxd4 30. cxd4 exd4 31. Rxd4 Rd7 32. Kg3 e5 33. Rd2 h5 34. Nh4
Nxh4 35. Kxh4 Kg6 36. Kg3 Kf6 37. Kf3 g6 38. h4 Ke6 39. g3 Kf7 40. Ke3 Ke6 41.
Ke2 1/2-1/2

[Event "POLFINAL MISTRZOSTW POLSKI JUNIOROW 2016 - D11"]
[Site "Centrum Kongresow i Rekreacji Orle Gniazdo ul. Wrzosowa 28a, Szczyrk"]
[Date "1899-12-30"]
[Round "9.3"]
[White "Bukala, Weronika"]
[Black "Kieca, Aleksandra"]
[Result "1-0"]
[WhiteTitle "II+"]
[BlackTitle "II+"]
[WhiteElo "1026"]
[BlackElo "1216"]

1. d4 d5 2. c4 dxc4 3. e4 e5 4. Nf3 exd4 5. Bxc4 Nc6 6. Ng5 Bb4+ 7. Kf1 Ne5 8.
Qa4+ Nc6 9. Nxf7 Qh4 10. Nxh8 Qxe4 11. Qd1 Be6 12. Bxe6 Qxe6 13. Qe2 Qxe2+ 14.
Kxe2 Nh6 15. a3 Ba5 16. Bxh6 gxh6 17. Nd2 Ke7 18. b4 Rxh8 19. bxa5 Nxa5 20. Rhe1
c5 21. Kd3+ Kd6 22. Nc4+ Nxc4 23. Kxc4 a6 24. a4 Ra8 25. Rab1 Rb8 26. Rb6+ Kc7
27. Rxh6 Rf8 28. Re7+ Kb8 29. Rhxh7 Rxf2 30. Rxb7+ Kc8 31. Ra7 Rc2+ 32. Kd5 Kb8
33. Rag7 1-0

[Event "POLFINAL MISTRZOSTW POLSKI JUNIOROW 2016 - D11"]
[Site "Centrum Kongresow i Rekreacji Orle Gniazdo ul. Wrzosowa 28a, Szczyrk"]
[Date "1899-12-30"]
[Round "9.4"]
[White "Karys, Katarzyna"]
[Black "Gaczol, Julia"]
[Result "0-1"]
[WhiteTitle "II"]
[BlackTitle "II"]
[WhiteElo "1099"]
[BlackElo "1037"]

1. e4 c5 2. Nf3 d6 3. d4 cxd4 4. Nxd4 Nf6 5. Nc3 a6 6. Be3 b5 7. a3 Bb7 8. Bd3
Nbd7 9. O-O e6 10. Qe2 Be7 11. Rad1 d5 12. exd5 Nxd5 13. Nxd5 Bxd5 14. Qh5 Nf6
15. Qe2 O-O 16. Kh1 Qc7 17. Bg5 Qb7 18. f4 h6 19. Bxf6 Bxf6 20. Nf3 Bxf3 21. Rxf3
Rad8 22. c3 Rfe8 23. Rg3 Qc7 24. Qe4 g6 25. Re1 h5 26. Ree3 Qd7 27. Qf3 Kh8 28.
h3 Bh4 29. Rxg6 fxg6 30. Bxg6 Qd1+ 31. Qxd1 Rxd1+ 32. Kh2 Re7 33. Bxh5 Rd2 34.
b3 Rd5 35. Bg4 Rd6 36. f5 exf5 37. Rxe7 Bxe7 38. Bxf5 Rf6 39. Bc8 Bxa3 40. g4
Rc6 41. Bf5 Rxc3 42. g5 Rxb3 43. g6 Bf8 44. h4 Kg7 45. h5 Rb4 46. Kg3 a5 47. Be6
a4 48. Kh3 a3 49. Kg3 Ra4 50. Bb3 Ra5 51. Kg4 Kh6 52. Ba2 Bg7 53. Kh4 b4 54. Kg4
b3 55. Bxb3 a2 56. Bxa2 Rxa2 57. Kf5 Ra5+ 58. Ke6 Rxh5 59. Kf7 Rg5 60. Kg8 Rxg6
61. Kf7 Ba1 62. Ke7 Kg5 63. Kd7 Kf5 64. Ke7 Rh6 65. Kf7 Rh7+ 66. Kg8 Ra7 67. Kf8
Ke6 68. Kg8 Kf6 69. Kh8 Kg6+ 70. Kg8 Ra8# 0-1

[Event "POLFINAL MISTRZOSTW POLSKI JUNIOROW 2016 - D11"]
[Site "Centrum Kongresow i Rekreacji Orle Gniazdo ul. Wrzosowa 28a, Szczyrk"]
[Date "1899-12-30"]
[Round "9.5"]
[White "Kulpa, Karolina"]
[Black "Wichura, Sara"]
[Result "1-0"]
[WhiteTitle "II+"]
[BlackTitle "II"]
[WhiteElo "1148"]
[BlackElo "1113"]

1. d4 d5 2. Bg5 h6 3. Bh4 Nf6 4. Bxf6 exf6 5. e3 Nc6 6. Nf3 Bg4 7. c4 Bb4+ 8. Nbd2
Bxd2+ 9. Kxd2 Ne7 10. Be2 Bxf3 11. Bxf3 dxc4 12. Qa4+ c6 13. Qxc4 O-O 14. Ke2
Re8 15. Rhd1 Nf5 16. Kf1 Nh4 17. Bh5 g6 18. Be2 Qd7 19. d5 Nf5 20. Bg4 h5 21.
Bh3 Rac8 22. e4 Nd6 23. Bxd7 Nxc4 24. Bxe8 Rxe8 25. d6 Rd8 26. b3 Na3 27. Rd2
Kf8 28. Re1 Nb5 29. d7 Ke7 30. e5 f5 31. f4 Rxd7 32. Rxd7+ Kxd7 33. Rd1+ Ke6 34.
Rd8 b6 35. a4 Nc7 36. Rd6+ Ke7 37. Rxc6 Nd5 38. g3 Ne3+ 39. Kg1 Nd5 40. Kf2 Nb4
41. Rc7+ Ke6 42. Rxa7 Nd3+ 43. Ke3 Nc5 44. b4 Nd7 45. Kd4 f6 46. exf6 Nxf6 47.
Rg7 Nd7 48. Rxg6+ Kf7 49. Rg5 Kf6 50. Rxh5 Kg6 51. Rg5+ Kf6 52. h4 b5 53. axb5
Nb6 54. h5 Nd7 55. h6 Nf8 56. b6 Ne6+ 57. Kd5 Nxg5 58. fxg5+ Kxg5 59. h7 Kg4 60.
h8=Q Kxg3 61. b7 f4 62. b8=R f3 63. Rf8 Kg2 64. Qf6 Kf2 65. Qxf3+ Ke1 66. Qg2
Kd1 67. Rf1# 1-0

[Event "POLFINAL MISTRZOSTW POLSKI JUNIOROW 2016 - D11"]
[Site "Centrum Kongresow i Rekreacji Orle Gniazdo ul. Wrzosowa 28a, Szczyrk"]
[Date "1899-12-30"]
[Round "9.6"]
[White "Zubrycka, Marta"]
[Black "Czerwinska, Oliwia"]
[Result "1/2-1/2"]
[WhiteTitle "II"]
[BlackTitle "II+"]
[WhiteElo "1108"]
[BlackElo "1067"]

1. e4 e5 2. Nf3 Nc6 3. Bb5 Nge7 4. Bxc6 Nxc6 5. Nc3 Bc5 6. d3 h6 7. a3 a6 8. Be3
Be7 9. Nd5 d6 10. h3 Be6 11. c4 O-O 12. O-O Re8 13. d4 Bxd5 14. cxd5 Nxd4 15.
Bxd4 exd4 16. Qxd4 Bf6 17. Qb4 b6 18. Rfe1 Qd7 19. Rab1 a5 20. Qd2 Qa4 21. Qd3
Re7 22. Re2 Rae8 23. Rbe1 Kh8 24. Qb1 Kg8 25. Kh1 Kh8 26. Nd2 Bg5 27. f3 Bxd2
28. Rxd2 f5 29. Rde2 fxe4 30. fxe4 Kg8 31. Qd3 Re5 32. Kh2 Kh8 33. Qf3 Kg8 34.
Kh1 R5e7 35. Qd3 Re5 36. Qf3 R5e7 37. Qd3 Re5 38. Qf3 R5e7 39. Qd3 Re5 40. Qf3
R5e7 1/2-1/2

[Event "POLFINAL MISTRZOSTW POLSKI JUNIOROW 2016 - D11"]
[Site "Centrum Kongresow i Rekreacji Orle Gniazdo ul. Wrzosowa 28a, Szczyrk"]
[Date "1899-12-30"]
[Round "9.7"]
[White "Najdecka, Sandra"]
[Black "Laszczuk, Zofia"]
[Result "1/2-1/2"]
[WhiteTitle "II"]
[BlackTitle "II"]
[WhiteElo "1123"]
[BlackElo "1165"]

1. e4 c5 2. Nf3 e6 3. d4 cxd4 4. Nxd4 Nf6 5. Nc3 d6 6. Be3 a6 7. f3 Be7 8. Qd2
O-O 9. O-O-O b5 10. g4 b4 11. Nce2 a5 12. h4 Bd7 13. h5 Nc6 14. Nb5 Ne5 15. Ng1
Bxb5 16. Bxb5 Rc8 17. g5 Nfd7 18. Qe2 Nc6 19. Qd2 Nce5 20. Qe2 Nc6 21. Qd2 Nce5
22. Qe2 Nc6 23. Qd2 Nce5 24. Qe2 1/2-1/2